| 000 | 00614cam a2200229 4500 | ||
|---|---|---|---|
| 008 | 010821n2000 000 0 eng u | ||
| 020 | _a0415240751 | ||
| 035 | _a(Sirsi) u114209 | ||
| 050 | _a711.4 | ||
| 100 | _aHall, P. | ||
| 245 | _aUrban future 21 : a global agenda for twenty-first century cities | ||
| 260 |
_aLondon _bSpon Press _c2000 |
||
| 300 |
_axvi,363p. _c24cm. |
||
| 350 | _a19.99 | ||
| 650 | _aCITIES | ||
| 650 | _aSUSTAINABLE CITIES | ||
| 650 | _aURBAN DEVELOPMENT | ||
| 650 | _aURBAN REGENERATION | ||
| 690 | _aPROPERTY-PROPERTY DEVELOPMENT | ||
| 700 | _aPfeiffer, U. | ||
| 942 | _n0 | ||
| 999 |
_c101586 _d101586 |
||